Choice of the Parameters of the CUSUM Algorithms for Parameter Estimation in the Markov Modulated Poisson Process; Advances in Computer Science Research; Vol. 51 : Information Technologies in Science, Management, Social Sphere and Medicine (ITSMSSM 2016)

Chi tiết về thư mục
Parent link:Advances in Computer Science Research
Vol. 51 : Information Technologies in Science, Management, Social Sphere and Medicine (ITSMSSM 2016).— 2016.— [P. 248-254]
Tác giả chính: Burkatovskaya Yu. B. Yuliya Borisovna
Tác giả của công ty: Национальный исследовательский Томский политехнический университет (ТПУ) Институт кибернетики (ИК)
Tác giả khác: Kabanova T. V. Tatjyana Vladimirovna, Khaustov P. A. Pavel Aleksandrovich
Tóm tắt:Title screen
CUSUM algorithm for controlling chain state switching in the Markov modulated Poisson process was investigated via simulation. Recommendations concerning the parameter choice were given subject to characteristics of the process. Procedure of the process parameter estimation was described.
Ngôn ngữ:Tiếng Anh
Được phát hành: 2016
Những chủ đề:
Truy cập trực tuyến:http://dx.doi.org/10.2991/itsmssm-16.2016.90
Định dạng: Điện tử Chương của sách
KOHA link:https://koha.lib.tpu.ru/cgi-bin/koha/opac-detail.pl?biblionumber=653517

MARC

LEADER 00000nla2a2200000 4500
001 653517
005 20240126114304.0
035 |a (RuTPU)RU\TPU\network\18989 
090 |a 653517 
100 |a 20170310a2016 k y0engy50 ba 
101 0 |a eng 
102 |a FR 
105 |a y z 100zy 
135 |a drcn ---uucaa 
181 0 |a i  
182 0 |a b 
200 1 |a Choice of the Parameters of the CUSUM Algorithms for Parameter Estimation in the Markov Modulated Poisson Process  |f Yu. B. Burkatovskaya, T. V. Kabanova, P. A. Khaustov 
203 |a Text  |c electronic 
300 |a Title screen 
320 |a [References: p. 254 (13 tit.)] 
330 |a CUSUM algorithm for controlling chain state switching in the Markov modulated Poisson process was investigated via simulation. Recommendations concerning the parameter choice were given subject to characteristics of the process. Procedure of the process parameter estimation was described. 
461 1 |0 (RuTPU)RU\TPU\network\18167  |t Advances in Computer Science Research 
463 0 |0 (RuTPU)RU\TPU\network\18169  |t Vol. 51 : Information Technologies in Science, Management, Social Sphere and Medicine (ITSMSSM 2016)  |o III International Scientific Conference, May 23-26, 2016, Tomsk, Russia  |o [proceedings]  |f National Research Tomsk Polytechnic University (TPU) ; eds. O. G. Berestneva, A. Tikhomirov, A. Trufanov  |v [P. 248-254]  |d 2016 
610 1 |a электронный ресурс 
610 1 |a труды учёных ТПУ 
610 1 |a пуассоновские процессы 
610 1 |a марковские процессы 
610 1 |a алгоритмы 
700 1 |a Burkatovskaya  |b Yu. B.  |c mathematician  |c associate Professor of Tomsk Polytechnic University, candidate of physico-mathematical Sciences  |f 1973-  |g Yuliya Borisovna  |3 (RuTPU)RU\TPU\pers\36259  |9 19335 
701 1 |a Kabanova  |b T. V.  |g Tatjyana Vladimirovna 
701 1 |a Khaustov  |b P. A.  |c specialist in the field of informatics and computer technology  |c assistant of Tomsk Polytechnic University  |f 1990-  |g Pavel Aleksandrovich  |3 (RuTPU)RU\TPU\pers\36989 
712 0 2 |a Национальный исследовательский Томский политехнический университет (ТПУ)  |b Институт кибернетики (ИК)  |3 (RuTPU)RU\TPU\col\18397 
801 2 |a RU  |b 63413507  |c 20180213  |g RCR 
856 4 |u http://dx.doi.org/10.2991/itsmssm-16.2016.90 
942 |c CF